La mujer tiene la palabra / (Registro nro. 30744)
[ vista simple ]
| 000 -LEADER | |
|---|---|
| fixed length control field | 01613nam a22002537a 4500 |
| 003 - CONTROL NUMBER IDENTIFIER | |
| control field | OSt |
| 005 - DATE AND TIME OF LATEST TRANSACTION | |
| control field | 20240712145536.0 |
| 008 - FIXED-LENGTH DATA ELEMENTS--GENERAL INFORMATION | |
| fixed length control field | 240423t2001 ck gr 000 0 spa d |
| 020 ## - INTERNATIONAL STANDARD BOOK NUMBER | |
| International Standard Book Number | 9588061660 |
| 037 ## - SOURCE OF ACQUISITION | |
| Source of stock number/acquisition | Donación |
| 040 ## - CATALOGING SOURCE | |
| Original cataloging agency | CO-JMCR |
| Transcribing agency | CO-JMCR |
| Modifying agency | CO-JMCR |
| Description conventions | rda |
| Language of cataloging | spa |
| 041 0# - LANGUAGE CODE | |
| Language code of text/sound track or separate title | spa |
| 082 04 - DEWEY DECIMAL CLASSIFICATION NUMBER | |
| Edition number | 23 |
| Classification number | 305.4 |
| Item number | T36f |
| 100 1# - MAIN ENTRY--PERSONAL NAME | |
| Personal name | Thomas, Florence, |
| Dates associated with a name | 1943- |
| Relator term | autora |
| 9 (RLIN) | 43646 |
| 245 13 - TITLE STATEMENT | |
| Title | La mujer tiene la palabra / |
| Statement of responsibility, etc. | Florence Thomas. |
| 260 ## - PUBLICATION, DISTRIBUTION, ETC. | |
| Place of publication, distribution, etc. | Bogotá : |
| Name of publisher, distributor, etc. | Aguilar , |
| Date of publication, distribution, etc. | ©2001 |
| 300 ## - PHYSICAL DESCRIPTION | |
| Extent | 284 páginas ; |
| Dimensions | 21 cm. |
| 505 0# - FORMATTED CONTENTS NOTE | |
| Title | El amor -- Las mujeres -- Los hombres -- La guerra -- Homosexualismos -- Betty -- Nostalgias. |
| 520 3# - SUMMARY, ETC. | |
| Summary, etc. | Existen dos sexos... Es una realidad inconvertible que debe plasmarse hoy en las ciencias sociales en general, pero también y urgentemente en los medios. Con estas 49 primeras columnas, la mayoría publicadas en el periódico El Tiempo, he querido ante todo visibilizar otra manera de estar en el mundo, otra manera de estar en el mundo, otra manera de interpretarlo, construyendo así tal vez y poco a poco una crítica de la diferencia, un pensamiento de la diferencia desde esta otra orilla habitada por un extraño sujeto social llamado mujer. y si estas columnas pueden presentar un breve inventario para una ética de lo cotidiano en un mundo habitado por hombres y mujeres que deben aprender a reconocerse iguales en la diferencia, este ejercicio no habrá sido en vano. |
| 650 14 - SUBJECT ADDED ENTRY--TOPICAL TERM | |
| Source of heading or term | JMCR |
| Topical term or geographic name entry element | Feminismo |
| General subdivision | Aspectos sociales |
| 9 (RLIN) | 43647 |
| 650 24 - SUBJECT ADDED ENTRY--TOPICAL TERM | |
| Source of heading or term | JMCR |
| Topical term or geographic name entry element | Mujeres |
| Chronological subdivision | Francia |
| 9 (RLIN) | 43648 |
| 650 34 - SUBJECT ADDED ENTRY--TOPICAL TERM | |
| Source of heading or term | JMCR |
| Topical term or geographic name entry element | Condiciones sociales |
| Form subdivision | Conferencias |
| 9 (RLIN) | 43649 |
| 942 ## - ADDED ENTRY ELEMENTS (KOHA) | |
| Source of classification or shelving scheme | Dewey Decimal Classification |
| Koha item type | Books |
| Withdrawn status | Lost status | Source of classification or shelving scheme | Damaged status | Not for loan | Collection code | Home library | Current library | Shelving location | Date acquired | Total Checkouts | Full call number | Barcode | Date last seen | Date last checked out | Copy number | Price effective from | Koha item type |
|---|---|---|---|---|---|---|---|---|---|---|---|---|---|---|---|---|---|
| Dewey Decimal Classification | Non-fiction | Biblioteca Pública José María del Castillo y Rada | Biblioteca Pública José María del Castillo y Rada | General Stacks | 01/27/2023 | 2 | 305.4 T36f | 201812297 | 04/06/2026 | 04/06/2026 | Ej.1 | 04/23/2024 | Books |